[Event "XXVI Weekend Magistrale"]
[Site "Robecchetto con Induno ITA"]
[Date "2015.07.26"]
[Round "4"]
[White "Tarelli, Daniele"]
[Black "D'Avino, Luca"]
[WhiteElo "1975"]
[BlackElo "1922"]
[Result "1-0"]
[PlyCount "137"]
[EventDate "2015.07.24"]

1. c4 Nf6 2. Nc3 g6 3. g3 Bg7 4. Bg2 d6 5. d3 c6 6. e4 a5 7. Nge2 Na6 8. O-O
O-O 9. h3 Bd7 10. Be3 Qc8 11. Na4 Rb8 12. Ba7 b5 13. cxb5 Rxb5 14. Be3 c5 15.
Kh2 Rb4 16. Nec3 Nc7 17. Rb1 e5 18. b3 Ne6 19. Nb2 Bc6 20. Nc4 Qc7 21. Bd2 Nd4
22. Ne2 d5 23. Bxb4 dxc4 24. Nxd4 cxb4 25. Nxc6 c3 26. Nxb4 axb4 27. Qc2 Rd8
28. a3 bxa3 29. b4 Bh6 30. Rb3 Bd2 31. Rxa3 Qb6 32. Rxc3 Bxc3 33. Qxc3 Qd4 34.
Qxd4 Rxd4 35. Rb1 Rxd3 36. b5 Rd7 37. f4 Rb7 38. g4 Nd7 39. Kg3 f6 40. Bf1 Kf7
41. g5 fxg5 42. fxg5 Nc5 43. Bc4+ Ke7 44. Bd5 Rb6 45. Bc6 Ne6 46. Ra1 Nc7 47.
Rb1 Ne6 48. Ra1 Kd6 49. h4 Nd4 50. Ra7 Nxc6 51. bxc6 Rxc6 52. Rxh7 Rc3+ 53. Kg4
Re3 54. Rg7 Rxe4+ 55. Kg3 Re3+ 56. Kf2 Rh3 57. Rxg6+ Kd5 58. Rh6 Ke4 59. g6
Rf3+ 60. Kg2 Kf4 61. h5 e4 62. Rh7 Rg3+ 63. Kh2 Kg4 64. g7 Kh4 65. h6 e3 66.
Rh8 e2 67. Re8 Rh3+ 68. Kg2 Rg3+ 69. Kf2 1-0

[Event "XXVI Weekend Magistrale"]
[Site "Robecchetto con Induno ITA"]
[Date "2015.07.26"]
[Round "5"]
[White "Barlocco, Carlo"]
[Black "Genzling, Sylvie"]
[WhiteElo "2062"]
[BlackElo "2019"]
[Result "0-1"]
[PlyCount "76"]
[EventDate "2015.07.24"]

1. Nc3 d5 2. e4 d4 3. Nce2 e5 4. Nf3 Bd6 5. Ng3 Ne7 6. Bc4 O-O 7. c3 c5 8. cxd4
cxd4 9. O-O Nbc6 10. d3 a6 11. a3 h6 12. Bd2 Kh8 13. Ne1 f5 14. exf5 Nxf5 15.
Nf3 Nxg3 16. hxg3 Bg4 17. Bd5 Qb6 18. Re1 Ne7 19. Bc4 Ng8 20. Bxg8 Kxg8 21. b4
Kh8 22. Re4 h5 23. Rxg4 hxg4 24. Nh4 Be7 25. Qxg4 Bxh4 26. Qxh4+ Kg8 27. f3 Qg6
28. Qe4 Qxe4 29. dxe4 Rac8 30. Kf2 Rc2 31. Ke2 Rfc8 32. Kd3 Rb2 33. f4 Rb3+ 34.
Ke2 Rxg3 35. fxe5 Rxg2+ 36. Kd3 Rg3+ 37. Ke2 Rc2 38. Rd1 d3+ 0-1

[Event "XXVI Weekend Magistrale"]
[Site "Robecchetto con Induno ITA"]
[Date "2015.07.26"]
[Round "5"]
[White "Bianchi, Alberto"]
[Black "Roth, Antoine"]
[WhiteElo "1876"]
[BlackElo "1923"]
[Result "1/2-1/2"]
[PlyCount "86"]
[EventDate "2015.07.24"]

1. Nf3 d5 2. g3 c5 3. Bg2 Nc6 4. d4 e6 5. O-O Nf6 6. b3 cxd4 7. Nxd4 Bc5 8.
Nxc6 bxc6 9. Bb2 O-O 10. Ba3 Bxa3 11. Nxa3 Qd6 12. Nb1 Ba6 13. Nd2 Rad8 14. Re1
e5 15. c4 e4 16. e3 Qe6 17. Qc2 Ng4 18. h3 Ne5 19. Bf1 dxc4 20. Bg2 cxb3 21.
axb3 Bd3 22. Qc3 Qf5 23. Ra5 Rd5 24. Rxa7 Rc5 25. Qd4 Rc2 26. Rd1 c5 27. Qa4 c4
28. bxc4 Nxc4 29. Ra8 g6 30. Rxf8+ Kxf8 31. Qa8+ Kg7 32. Bxe4 Bxe4 33. Nxe4
Nxe3 34. Re1 Nc4 35. Qa1+ Qe5 36. Qd1 Qb2 37. Qf3 Nd2 38. Nxd2 Rxd2 39. Re7 Qf6
40. Qxf6+ Kxf6 41. Ra7 h5 42. h4 Ke6 43. Kg2 f6 1/2-1/2

[Event "XXVI Weekend Magistrale"]
[Site "Robecchetto con Induno ITA"]
[Date "2015.07.26"]
[Round "5"]
[White "Cacciola, Alfredo"]
[Black "Guidi, Maurizio"]
[WhiteElo "2098"]
[BlackElo "2015"]
[Result "1-0"]
[PlyCount "41"]
[EventDate "2015.07.24"]

1. e4 g6 2. d4 Bg7 3. Nc3 d6 4. Be3 Nf6 5. f3 c6 6. Qd2 b5 7. O-O-O Qa5 8. Kb1
Nbd7 9. Bh6 Bxh6 10. Qxh6 b4 11. Nce2 Nb6 12. Nc1 Na4 13. Nb3 Qc7 14. h4 Nb6
15. Nh3 a5 16. Ng5 Ba6 17. Bxa6 Rxa6 18. e5 dxe5 19. dxe5 Nh5 20. g4 Qxe5 21.
Rd8+ 1-0

[Event "XXVI Weekend Magistrale"]
[Site "Robecchetto con Induno ITA"]
[Date "2015.07.26"]
[Round "5"]
[White "Cavallini, Gianfranco"]
[Black "Montilli, Vincenzo"]
[WhiteElo "2102"]
[BlackElo "2161"]
[Result "0-1"]
[PlyCount "84"]
[EventDate "2015.07.24"]

1. b3 d5 2. Bb2 c5 3. e3 Nc6 4. Nf3 Nf6 5. Be2 e6 6. O-O Bd6 7. a3 O-O 8. d3 b6
9. Nbd2 Bb7 10. c4 Qe7 11. Rc1 Rac8 12. Rc2 Rfd8 13. Qa1 Bb8 14. cxd5 Rxd5 15.
Ne4 Ne8 16. Ng3 Rdd8 17. Nd2 f6 18. Rfc1 Ne5 19. d4 cxd4 20. exd4 Rxc2 21. Rxc2
Nf7 22. Nf3 Bd5 23. Bc4 Qb7 24. Qe1 Bd6 25. Bxd5 Qxd5 26. Qe3 Nh6 27. Re2 Nc7
28. Ne4 Nf5 29. Qc1 Qb7 30. g4 Ne7 31. Nxd6 Rxd6 32. Qf4 Rd7 33. g5 Ng6 34. Qg3
Qd5 35. Rc2 Ne8 36. gxf6 gxf6 37. Rc8 Kf7 38. Nd2 Nd6 39. Rb8 Nf5 40. Qh3 Nfh4
41. f3 Qg5+ 42. Qg4 Nxf3+ 0-1

[Event "XXVI Weekend Magistrale"]
[Site "Robecchetto con Induno ITA"]
[Date "2015.07.26"]
[Round "5"]
[White "D'Avino, Luca"]
[Black "Pace, Roberto"]
[WhiteElo "1922"]
[BlackElo "1956"]
[Result "1/2-1/2"]
[PlyCount "103"]
[EventDate "2015.07.24"]

1. d4 Nf6 2. c4 e6 3. Nf3 Bb4+ 4. Nbd2 Qe7 5. a3 Bxd2+ 6. Bxd2 d6 7. e3 O-O 8.
b4 e5 9. Bc3 Bg4 10. Be2 Ne4 11. Bb2 Nc6 12. d5 Nb8 13. Nd2 Bf5 14. Nxe4 Bxe4
15. Bd3 Bxd3 16. Qxd3 Qg5 17. O-O Nd7 18. f4 Qe7 19. Rae1 b6 20. fxe5 Nxe5 21.
Bxe5 Qxe5 22. Rf5 Qe7 23. Qd4 a5 24. b5 Rae8 25. Rf3 Qe4 26. Kf2 Re5 27. Qxe4
Rxe4 28. Rf4 Rfe8 29. Rxe4 Rxe4 30. Rc1 f5 31. g3 Kf7 32. Ke2 Kf6 33. Kd3 Kg5
34. Rf1 g6 35. h3 h5 36. Rf4 Re5 37. h4+ Kf6 38. Ke2 g5 39. hxg5+ Kxg5 40. a4
Re7 41. Kf3 Re8 42. Rh4 Rg8 43. Rf4 Re8 44. Rh4 Re7 45. Rf4 Re4 46. Rxe4 fxe4+
47. Kf2 h4 48. Kg2 Kg4 49. gxh4 Kxh4 50. Kh2 Kg4 51. Kg2 Kh4 52. Kh2 1/2-1/2

[Event "XXVI Weekend Magistrale"]
[Site "Robecchetto con Induno ITA"]
[Date "2015.07.26"]
[Round "5"]
[White "Egli, Urs"]
[Black "Quirico, Paolo"]
[WhiteElo "2013"]
[BlackElo "2110"]
[Result "1/2-1/2"]
[PlyCount "53"]
[EventDate "2015.07.24"]

1. e4 e6 2. d3 d5 3. Nd2 c5 4. Ngf3 Bd6 5. Be2 Nc6 6. O-O Nge7 7. c3 O-O 8. a3
a5 9. a4 Ng6 10. Re1 Kh8 11. Bf1 b6 12. g3 Ra7 13. h4 f6 14. h5 Nge5 15. d4
cxd4 16. cxd4 Nxf3+ 17. Nxf3 dxe4 18. Rxe4 f5 19. Re1 Bb4 20. Re2 Rd7 21. Be3
Qe8 22. Rc2 Qxh5 23. Rxc6 Bb7 24. Ne5 Qxd1 25. Rxd1 Bxc6 26. Nxc6 Rc8 27. Nxb4
1/2-1/2

[Event "XXVI Weekend Magistrale"]
[Site "Robecchetto con Induno ITA"]
[Date "2015.07.26"]
[Round "5"]
[White "Gilevych, Artem"]
[Black "Paleologu, Vladimir"]
[WhiteElo "2407"]
[BlackElo "2080"]
[Result "1-0"]
[PlyCount "128"]
[EventDate "2015.07.24"]

1. d4 f5 2. Bf4 Nf6 3. Nf3 g6 4. e3 Bg7 5. Bc4 e6 6. Nbd2 b6 7. Qe2 Bb7 8. c3
Nc6 9. h3 h6 10. O-O-O g5 11. Bh2 Qe7 12. Ba6 O-O-O 13. e4 fxe4 14. Nxe4 Nd5
15. Bxb7+ Kxb7 16. c4 Nf4 17. Bxf4 gxf4 18. Rhe1 Kb8 19. d5 exd5 20. cxd5 Na5
21. d6 Qe6 22. Kb1 c5 23. Qd3 Qc4 24. Nc3 Qxd3+ 25. Rxd3 Bxc3 26. bxc3 Rhg8 27.
Ne5 Rxg2 28. Rf3 Rh2 29. Ng4 Rg2 30. Rxf4 Kb7 31. Rf5 Nc4 32. Rh5 Rh8 33. Rd1
Kc6 34. Kc1 a5 35. a4 Rh7 36. Rh1 Rh8 37. Kd1 Nb2+ 38. Ke2 Re8+ 39. Kf3 Rxg4
40. hxg4 Nxa4 41. Rxh6 Nxc3 42. g5 a4 43. Rh8 Re6 44. R1h6 Ne4 45. Kf4 Nxg5 46.
Kxg5 b5 47. Rxe6 dxe6 48. Rd8 a3 49. Kf6 a2 50. Ra8 Kxd6 51. Rxa2 c4 52. Rd2+
Kc5 53. Kxe6 c3 54. Rd8 b4 55. Ke5 b3 56. Rc8+ Kb4 57. Kd4 c2 58. Kd3 Ka3 59.
Rxc2 bxc2 60. Kxc2 Kb4 61. Kd3 Kc5 62. Ke4 Kd6 63. Kf5 Ke7 64. Kg6 Kf8 1-0

[Event "XXVI Weekend Magistrale"]
[Site "Robecchetto con Induno ITA"]
[Date "2015.07.26"]
[Round "5"]
[White "Medici, Simone"]
[Black "Nepi, Ezio"]
[WhiteElo "2101"]
[BlackElo "1921"]
[Result "1/2-1/2"]
[PlyCount "142"]
[EventDate "2015.07.24"]

1. d4 d5 2. c4 c6 3. Nc3 Nf6 4. Nf3 e6 5. e3 Nbd7 6. b3 Bb4 7. Bd2 Qe7 8. Qc2
O-O 9. Bd3 Re8 10. O-O h6 11. Rfe1 a5 12. Rad1 b6 13. e4 dxe4 14. Nxe4 Bb7 15.
Ne5 Nxe4 16. Bxe4 Nxe5 17. dxe5 Red8 18. a4 Rxd2 19. Rxd2 Bxd2 20. Qxd2 Rd8 21.
Qe3 c5 22. Bxb7 Qxb7 23. Kf1 Rd4 24. f3 Qd7 25. Ke2 Qd8 26. g3 Kh7 27. h4 g6
28. Rh1 Kg7 29. g4 Kh7 30. Rh3 Rd1 31. f4 Rd4 32. h5 Qa8 33. Kf2 Qe4 34. Qxe4
Rxe4 35. Kf3 Rd4 36. Ke3 g5 37. Rf3 Kg7 38. fxg5 hxg5 39. h6+ Kxh6 40. Rxf7
Rxg4 41. Rf6+ Kg7 42. Rxe6 Rg3+ 43. Ke4 Rxb3 44. Kf5 Kf7 45. Rd6 Ke7 46. Kxg5
Rb4 47. Kf5 Rxc4 48. Rxb6 Rb4 49. Rb5 Rxa4 50. Rxc5 Rb4 51. Rxa5 Rb6 52. Ra7+
Ke8 53. Rh7 Ra6 54. Rh8+ Ke7 55. Rb8 Rc6 56. Rb5 Ke8 57. Ra5 Rb6 58. Ke4 Ke7
59. Kd5 Ke8 60. Ra7 Rh6 61. Ra3 Ke7 62. Ra8 Rg6 63. Ke4 Rb6 64. Rh8 Ra6 65. Rg8
Rb6 66. Kf5 Ra6 67. Rg7+ Ke8 68. Rg1 Rb6 69. Rf1 Ke7 70. Kg5 Rb5 71. Rf5 Rb1
1/2-1/2

[Event "XXVI Weekend Magistrale"]
[Site "Robecchetto con Induno ITA"]
[Date "2015.07.26"]
[Round "5"]
[White "Monticone, Sonia"]
[Black "Brugo, Marco"]
[WhiteElo "1895"]
[BlackElo "2094"]
[Result "0-1"]
[PlyCount "52"]
[EventDate "2015.07.24"]

1. c4 f5 2. Nc3 Nf6 3. Nf3 d6 4. d3 e5 5. e4 Nc6 6. exf5 Bxf5 7. Bg5 Be7 8. Nh4
Bg4 9. Be2 Bxe2 10. Qxe2 Nd4 11. Qd1 O-O 12. Nf3 Ng4 13. Bxe7 Qxe7 14. h3 Nxf3+
15. gxf3 Nh6 16. Rg1 Nf5 17. Ne4 Nd4 18. Nd2 Qh4 19. Rg3 Nf5 20. Rg4 Qxh3 21.
Nb3 Ne3 22. fxe3 Rxf3 23. Rg1 Rxe3+ 24. Kd2 Rxd3+ 25. Kc2 Rxd1 26. Raxd1 Rf8
0-1

[Event "XXVI Weekend Magistrale"]
[Site "Robecchetto con Induno ITA"]
[Date "2015.07.26"]
[Round "5"]
[White "Pinna, Ferdinando"]
[Black "Cesarano, Marco"]
[WhiteElo "1878"]
[BlackElo "1950"]
[Result "0-1"]
[PlyCount "82"]
[EventDate "2015.07.24"]

1. e4 c5 2. Nc3 Nc6 3. d3 g6 4. g3 Bg7 5. Bg2 e6 6. f4 Nge7 7. Nf3 O-O 8. O-O
d5 9. e5 h5 10. Re1 Rb8 11. Qe2 b5 12. Nd1 Qb6 13. Kh1 a5 14. Nf2 Nf5 15. g4
hxg4 16. Nxg4 Qd8 17. Be3 c4 18. Bf2 Ba6 19. Ng5 Nh6 20. Bh4 Nd4 21. Nxh6+ Bxh6
22. Qg4 Qc7 23. Nf3 Nf5 24. Bf6 b4 25. h4 Ng7 26. d4 Nh5 27. Ng5 Qd7 28. Nh3
Nxf6 29. exf6 Qd8 30. h5 Qxf6 31. hxg6 Bc8 32. gxf7+ Kh8 33. Ng5 e5 34. Qh5 e4
35. Re3 Rb6 36. Rae1 Qxf4 37. Nxe4 Qxf7 38. Qe5+ Bg7 39. Ng5 Rh6+ 40. Bh3 Bxe5
41. Nxf7+ Rxf7 0-1

[Event "XXVI Weekend Magistrale"]
[Site "Robecchetto con Induno ITA"]
[Date "2015.07.26"]
[Round "5"]
[White "Tarelli, Daniele"]
[Black "Soncin, Denis"]
[WhiteElo "1975"]
[BlackElo "2030"]
[Result "0-1"]
[PlyCount "92"]
[EventDate "2015.07.24"]

1. c4 Nf6 2. Nc3 g6 3. g3 d5 4. cxd5 Nxd5 5. Bg2 Nxc3 6. bxc3 Bg7 7. Qb3 c6 8.
Nf3 O-O 9. O-O Qc7 10. Rb1 Nd7 11. Ba3 Nb6 12. c4 Bf5 13. d3 c5 14. Bb2 e5 15.
Nd2 Bd7 16. f4 f5 17. Bxe5 Bxe5 18. fxe5 Qxe5 19. Rf2 f4 20. Qb2 Qe3 21. Nf1
Qe6 22. gxf4 Bc6 23. e4 Rad8 24. Qa3 Qd6 25. Qxa7 Nc8 26. Qa3 Rxf4 27. Rxf4
Qxf4 28. Rd1 Nd6 29. Re1 Nf7 30. Re3 Ne5 31. Qxc5 Nxd3 32. Qa5 Qf2+ 33. Kh1 Qh4
34. Kg1 Nf4 35. Qe1 Qg4 36. Qg3 Ne2+ 37. Rxe2 Qxe2 38. h4 Bxe4 39. Bh3 Qxc4 40.
Qg5 Qd4+ 41. Ne3 Qa1+ 42. Nf1 Rf8 43. Be6+ Kh8 44. Bh3 Qd4+ 45. Ne3 Rf3 46.
Qd8+ Qxd8 0-1

[Event "XXVI Weekend Magistrale"]
[Site "Robecchetto con Induno ITA"]
[Date "2015.07.26"]
[Round "5"]
[White "Troiani, Mauro"]
[Black "Imburgia, Giuseppe"]
[WhiteElo "1966"]
[BlackElo "1937"]
[Result "1-0"]
[PlyCount "87"]
[EventDate "2015.07.24"]

1. d4 d5 2. c4 e6 3. Nc3 Nf6 4. Nf3 Be7 5. Bg5 Nbd7 6. e3 O-O 7. Qc2 b6 8. cxd5
exd5 9. Bd3 Bb7 10. O-O Rc8 11. Bf5 Ra8 12. Rac1 g6 13. Bh3 Re8 14. Rfd1 c6 15.
a3 Kg7 16. Ne5 Nxe5 17. dxe5 Nd7 18. Bxe7 Qxe7 19. f4 Nf8 20. e4 Qc5+ 21. Qf2
Qxf2+ 22. Kxf2 Ne6 23. Bxe6 fxe6 24. exd5 exd5 25. Nb5 Re7 26. Nd6 Rf8 27. Ke3
Ba8 28. b4 h6 29. g3 Rd8 30. Kd4 Rf8 31. Rf1 h5 32. f5 Kh7 33. fxg6+ Kg8 34.
Rxf8+ Kxf8 35. Rf1+ Kg8 36. Rf7 c5+ 37. bxc5 bxc5+ 38. Kxc5 Rxe5 39. Nf5 d4+
40. Kxd4 Rd5+ 41. Kc4 Rxf5 42. Rxf5 Kg7 43. Rxh5 Kxg6 44. Ra5 1-0

[Event "XXVI Weekend Magistrale"]
[Site "Robecchetto con Induno ITA"]
[Date "2015.07.26"]
[Round "5"]
[White "Zito, Riccardo"]
[Black "D'Avino, Gianfranco"]
[WhiteElo "1936"]
[BlackElo "2102"]
[Result "1/2-1/2"]
[PlyCount "89"]
[EventDate "2015.07.24"]

1. e4 d5 2. exd5 Nf6 3. c4 c6 4. Nf3 cxd5 5. b3 e6 6. d4 b6 7. Be2 Be7 8. O-O
O-O 9. Bb2 Bb7 10. Nbd2 dxc4 11. bxc4 Nbd7 12. Rc1 Ne4 13. Qb3 Ndf6 14. Rfd1
Nxd2 15. Rxd2 Ne4 16. Rdd1 Bf6 17. Ba3 Be7 18. d5 exd5 19. cxd5 Bxa3 20. Qxa3
Qd6 21. Qb3 Nc5 22. Qb4 Rfe8 23. Bb5 Re7 24. Bc4 Re4 25. Nd4 Qf6 26. Qc3 Rd8
27. Nb5 Qxc3 28. Rxc3 Ba6 29. Bf1 Rd7 30. d6 g6 31. f3 Rb4 32. Nc7 Bxf1 33.
Kxf1 Ra4 34. a3 f5 35. Nb5 Kf7 36. Re3 Nb7 37. Rc3 a6 38. Rc7 Nc5 39. Nd4 Rxa3
40. Re1 Rd3 41. Nc6 R3xd6 42. Ne5+ Kf6 43. Nxd7+ Nxd7 44. Rb1 h5 45. Rxd7
1/2-1/2

[Event "XXVI Weekend Open FIDE"]
[Site "Robecchetto con Induno ITA"]
[Date "2015.07.24"]
[Round "1"]
[White "Barrera, Pietro"]
[Black "Ciochetta, Giovanni"]
[WhiteElo "1839"]
[BlackElo "1591"]
[Result "1/2-1/2"]
[PlyCount "55"]
[EventDate "2015.07.24"]

1. e4 e5 2. Nf3 Nf6 3. Nxe5 d6 4. Nf3 Nxe4 5. d4 d5 6. Bd3 Be7 7. O-O Nc6 8. c3
O-O 9. Qc2 f5 10. Bf4 Bd6 11. Bxd6 Qxd6 12. Nbd2 Qf6 13. Rae1 Bd7 14. Ne5 Nxe5
15. dxe5 Qh6 16. Nb3 Ba4 17. f3 Qb6+ 18. Kh1 Nc5 19. Bxf5 Bxb3 20. Bxh7+ Kh8
21. axb3 Qxb3 22. Qg6 Qb6 23. f4 Rae8 24. f5 Nd3 25. f6 gxf6 26. exf6 Nf2+ 27.
Kg1 Nh3+ 28. Kh1 1/2-1/2

[Event "XXVI Weekend Open FIDE"]
[Site "Robecchetto con Induno ITA"]
[Date "2015.07.24"]
[Round "1"]
[White "Biava, Pierluigi"]
[Black "Marani, Luca"]
[WhiteElo "1588"]
[BlackElo "1839"]
[Result "0-1"]
[PlyCount "66"]
[EventDate "2015.07.24"]

1. d4 d5 2. e3 c5 3. c3 Nc6 4. Bd3 e5 5. Qe2 e4 6. Bc2 f5 7. Nh3 Nf6 8. b3 Bd6
9. Ba3 b6 10. O-O Qc7 11. g3 O-O 12. dxc5 bxc5 13. Rd1 Ne5 14. Nf4 Nf3+ 15. Kg2
Qf7 16. Nd2 g5 17. Nxe4 fxe4 18. Nxd5 Nxd5 19. Bxe4 Bh3+ 20. Kh1 Nxc3 21. Qxf3
Qxf3+ 22. Bxf3 Rxf3 23. Rxd6 Rxf2 24. Rh6 g4 25. Bxc5 Ne2 26. Rxh3 gxh3 27. e4
Rg2 28. e5 Re8 29. Bd6 Rc8 30. Ba3 Kf7 31. Bd6 Rc1+ 32. Rxc1 Nxc1 33. Bc5 a6
0-1

[Event "XXVI Weekend Open FIDE"]
[Site "Robecchetto con Induno ITA"]
[Date "2015.07.24"]
[Round "1"]
[White "Carbone, Lorenzo"]
[Black "Gil Ojeda, Jorge"]
[WhiteElo "1596"]
[BlackElo "1285"]
[Result "1-0"]
[PlyCount "93"]
[EventDate "2015.07.24"]

1. e4 c5 2. Nf3 Nc6 3. d4 cxd4 4. Nxd4 g6 5. Bc4 Bg7 6. Be3 Nf6 7. Nc3 O-O 8.
Qd2 Ng4 9. Nxc6 bxc6 10. Bd4 Bxd4 11. Qxd4 Qb6 12. Qxb6 axb6 13. Be2 d6 14. h3
Nf6 15. f4 h5 16. Bf3 Bb7 17. O-O Nd7 18. Rfe1 f6 19. Ne2 h4 20. Nd4 e5 21. Ne2
f5 22. exf5 gxf5 23. fxe5 Nxe5 24. Rf1 Nc4 25. b3 Ne3 26. Rfc1 f4 27. Kf2 Rae8
28. Nd4 d5 29. c4 c5 30. Nb5 Re7 31. cxd5 Bxd5 32. Bxd5+ Nxd5 33. Re1 Rfe8 34.
Rxe7 Rxe7 35. Re1 Rxe1 36. Kxe1 Kf7 37. Kf2 Kf6 38. Kf3 Kf5 39. Nd6+ Ke5 40.
Nc4+ Kf5 41. a4 Nc7 42. Nxb6 Ne6 43. a5 Nd4+ 44. Kf2 Nxb3 45. a6 Nc1 46. a7
Nd3+ 47. Kf1 1-0

[Event "XXVI Weekend Open FIDE"]
[Site "Robecchetto con Induno ITA"]
[Date "2015.07.24"]
[Round "1"]
[White "Clerici, Diego"]
[Black "Torretta, Gilberto"]
[WhiteElo "1359"]
[BlackElo "1648"]
[Result "0-1"]
[PlyCount "84"]
[EventDate "2015.07.24"]

1. e4 e5 2. Nf3 Nc6 3. d4 exd4 4. Nxd4 Bc5 5. Nxc6 Qf6 6. f3 dxc6 7. Nc3 Be6 8.
Bd3 Rd8 9. Qe2 Bd4 10. Bd2 a6 11. a3 Ne7 12. O-O-O b5 13. Qe1 c5 14. b4 O-O 15.
h4 h6 16. Be2 Ng6 17. bxc5 Bxc5 18. Nb1 Qa1 19. Bb4 Ba2 20. Rxd8 Qxb1+ 21. Kd2
Rxd8+ 22. Bd3 Bxb4+ 23. axb4 Qxb4+ 24. Kc1 Qa3+ 25. Kd2 Ne5 26. Qc1 Qxc1+ 27.
Rxc1 c5 28. Ke3 Bc4 29. Bxc4 Nxc4+ 30. Kf4 a5 31. g4 a4 32. g5 hxg5+ 33. Kxg5
a3 34. f4 b4 35. e5 Rd2 36. c3 b3 37. h5 b2 38. Rg1 a2 39. h6 b1=Q 40. Rxb1
axb1=Q 41. hxg7 Qg6+ 42. Kh4 Rh2# 0-1

[Event "XXVI Weekend Open FIDE"]
[Site "Robecchetto con Induno ITA"]
[Date "2015.07.24"]
[Round "1"]
[White "Corbelli, Daniele"]
[Black "Gerthoffert, David"]
[WhiteElo "1412"]
[BlackElo "1710"]
[Result "0-1"]
[PlyCount "54"]
[EventDate "2015.07.24"]

1. e4 e6 2. d4 d5 3. Nc3 dxe4 4. Nxe4 Bd7 5. Nf3 Bc6 6. Bd3 Nd7 7. O-O Ngf6 8.
Ng3 Bd6 9. Re1 O-O 10. b3 Re8 11. Bb2 b6 12. c4 Bxf3 13. Qxf3 e5 14. Ne4 exd4
15. Bxd4 Bb4 16. Nxf6+ Nxf6 17. Rxe8+ Nxe8 18. Rd1 g6 19. Bb2 Bd6 20. Be4 Rb8
21. Bd5 Qd7 22. Bc6 Qf5 23. Qxf5 gxf5 24. Rd5 Rd8 25. Rxf5 Be5 26. Bd5 Bxb2 27.
Rxf7 Rxd5 0-1

[Event "XXVI Weekend Open FIDE"]
[Site "Robecchetto con Induno ITA"]
[Date "2015.07.24"]
[Round "1"]
[White "Crestani, Sandro"]
[Black "Fantina, Carla"]
[WhiteElo "1633"]
[BlackElo "1314"]
[Result "1/2-1/2"]
[PlyCount "104"]
[EventDate "2015.07.24"]

1. c4 Nf6 2. Nc3 g6 3. g3 Bg7 4. Bg2 c5 5. Nf3 Nc6 6. O-O O-O 7. d3 Rb8 8. Be3
h6 9. Bxc5 d6 10. Be3 a6 11. Qe1 Ng4 12. Bd2 Kh7 13. Rb1 Bd7 14. a3 Qc8 15. Nd5
Re8 16. Nb6 Qc7 17. Nxd7 Qxd7 18. Bc3 Nge5 19. Nxe5 Nxe5 20. f4 Nc6 21. Bxg7
Kxg7 22. Qc3+ e5 23. e3 Qc7 24. Bd5 Ne7 25. Be4 f5 26. Bg2 Kh7 27. e4 Qb6+ 28.
Kh1 fxe4 29. Bxe4 Nf5 30. Bxf5 gxf5 31. Qd2 Qc6+ 32. Qg2 e4 33. dxe4 Rxe4 34.
b3 Rbe8 35. Rbc1 Qc7 36. Qc2 Qf7 37. Qd2 R8e6 38. Rce1 Qe7 39. Rxe4 Rxe4 40.
Qd5 Kg6 41. Rd1 Re6 42. b4 b6 43. a4 a5 44. bxa5 bxa5 45. Qxa5 Qb7+ 46. Qd5 Qe7
47. a5 Re1+ 48. Rxe1 Qxe1+ 49. Kg2 Qe2+ 50. Kh3 Qh5+ 51. Kg2 Qe2+ 52. Kg1 Qe1+
1/2-1/2

[Event "XXVI Weekend Open FIDE"]
[Site "Robecchetto con Induno ITA"]
[Date "2015.07.24"]
[Round "1"]
[White "Garcia Rubi, Juan"]
[Black "Puricelli, Giancarlo"]
[WhiteElo "1394"]
[BlackElo "1683"]
[Result "1-0"]
[PlyCount "51"]
[EventDate "2015.07.24"]

1. e4 b6 2. d4 Bb7 3. Nc3 Nf6 4. Bd3 e6 5. Nf3 Bb4 6. e5 Ne4 7. Bxe4 Bxe4 8.
O-O Bxc3 9. bxc3 d5 10. Ba3 Nd7 11. Nd2 Bg6 12. c4 c6 13. cxd5 cxd5 14. Rb1 Rc8
15. Rb2 Qh4 16. Nf3 Qd8 17. Bd6 Rc4 18. Qd2 Qc8 19. Rc1 Bh5 20. Qg5 Nf6 21.
exf6 g6 22. Qe3 Rc3 23. Qd2 Kd7 24. Ne5+ Ke8 25. g4 Qa6 26. Qxc3 1-0

[Event "XXVI Weekend Open FIDE"]
[Site "Robecchetto con Induno ITA"]
[Date "2015.07.24"]
[Round "1"]
[White "Gil Ojeda, Lucia"]
[Black "Schingaro, Angelo"]
[WhiteElo "1440"]
[BlackElo "1719"]
[Result "0-1"]
[PlyCount "54"]
[EventDate "2015.07.24"]

1. e4 c5 2. Nf3 d6 3. d4 cxd4 4. Nxd4 Nf6 5. Nc3 a6 6. Be3 e5 7. Nf3 Qc7 8. Qd2
Be7 9. Be2 b5 10. Nd5 Nxd5 11. Qxd5 Bb7 12. Qd3 Nd7 13. O-O-O Nf6 14. h3 Bxe4
15. Qd2 Rc8 16. Bd3 Bxd3 17. Qxd3 e4 18. Qd2 exf3 19. gxf3 O-O 20. c3 b4 21.
Bd4 Rfd8 22. Rde1 bxc3 23. Bxc3 d5 24. Kd1 Ne4 25. fxe4 dxe4 26. Bd4 Rxd4 27.
Qxd4 Qc2# 0-1

[Event "XXVI Weekend Open FIDE"]
[Site "Robecchetto con Induno ITA"]
[Date "2015.07.24"]
[Round "1"]
[White "Macchiettini, Pierangelo"]
[Black "Frignani, Alessandro"]
[WhiteElo "1697"]
[BlackElo "1403"]
[Result "1-0"]
[PlyCount "124"]
[EventDate "2015.07.24"]

1. d4 d5 2. Nf3 e6 3. c4 c6 4. e3 Qf6 5. a3 Ne7 6. Nc3 Nd7 7. Bd3 h6 8. Qc2 g6
9. Bd2 b6 10. Ne2 Bb7 11. cxd5 exd5 12. Bc3 Qe6 13. Nf4 Qd6 14. Ne5 Rg8 15. Rc1
Rc8 16. Qb1 Bg7 17. Nf3 c5 18. dxc5 Nxc5 19. Bb5+ Bc6 20. Bxc6+ Rxc6 21. Bxg7
Rxg7 22. Nd4 Rc8 23. O-O Qd7 24. Rfd1 Qb7 25. b4 Ne6 26. Rxc8+ Nxc8 27. Nfe2
Ne7 28. Qb2 Rg8 29. Nb5 Qd7 30. Nbc3 Qb7 31. Qb3 Nc7 32. Nf4 Kf8 33. Ncxd5
Ncxd5 34. Nxd5 Nxd5 35. Qxd5 Qb8 36. Qd8+ Kg7 37. Qxb8 Rxb8 38. Rd7 Ra8 39. Rb7
Kf6 40. Kf1 Ke6 41. Ke2 f5 42. Rg7 Kf6 43. Rh7 h5 44. Rb7 g5 45. h3 g4 46. hxg4
hxg4 47. g3 Ke5 48. Rc7 Kd6 49. Rb7 Ke6 50. b5 Kd5 51. Rf7 Ke6 52. Rc7 Kd5 53.
f3 gxf3+ 54. Kxf3 Ke5 55. a4 a6 56. Rb7 axb5 57. axb5 Ra5 58. Rxb6 Ra4 59. Rb8
Kd6 60. Rf8 Ke6 61. Rb8 Rb4 62. b6 Kd6 1-0

[Event "XXVI Weekend Open FIDE"]
[Site "Robecchetto con Induno ITA"]
[Date "2015.07.24"]
[Round "1"]
[White "Madaschi, Sergio"]
[Black "Pizzolato, Roberto"]
[WhiteElo "1523"]
[BlackElo "1786"]
[Result "0-1"]
[PlyCount "58"]
[EventDate "2015.07.24"]

1. e4 d6 2. c4 Nf6 3. Nc3 e5 4. Nf3 g6 5. Be2 Bg7 6. d4 Nbd7 7. dxe5 dxe5 8.
O-O O-O 9. Qc2 c6 10. Bg5 Qc7 11. Rfd1 Nc5 12. Be3 Ne6 13. Rac1 Ng4 14. Bd2 Nd4
15. Qb1 Rd8 16. Bf1 f5 17. Bd3 Be6 18. Ng5 Qe7 19. Nxe6 Qxe6 20. h3 Nf6 21. b3
f4 22. f3 Kh8 23. c5 Rf8 24. Bc4 Qd7 25. Ne2 Nh5 26. b4 Nxf3+ 27. gxf3 Qxh3 28.
Qb3 Ng3 29. Nxg3 fxg3 0-1

[Event "XXVI Weekend Open FIDE"]
[Site "Robecchetto con Induno ITA"]
[Date "2015.07.24"]
[Round "1"]
[White "Mantovan, Giuseppe"]
[Black "Ruggiero, Paolino"]
[WhiteElo "1784"]
[BlackElo "1505"]
[Result "1-0"]
[PlyCount "107"]
[EventDate "2015.07.24"]

1. d4 d5 2. Nf3 Nc6 3. Bf4 Nf6 4. e3 Bg4 5. Be2 h6 6. Nbd2 e6 7. c3 Be7 8. Rc1
Nh5 9. Bg3 Nxg3 10. hxg3 Bxf3 11. gxf3 Bf6 12. f4 a6 13. Nb3 b6 14. Bd3 Ne7 15.
Nd2 Qd7 16. Qe2 Qa4 17. a3 O-O 18. g4 Ng6 19. Nf3 c5 20. g5 hxg5 21. fxg5 Be7
22. Bxg6 fxg6 23. Ne5 Bxg5 24. Nxg6 Bh6 25. Nxf8 Rxf8 26. Qc2 Qe8 27. Qe2 Qf7
28. Rf1 c4 29. a4 Qf5 30. Kd2 e5 31. dxe5 Qxe5 32. Ke1 Qe8 33. Rd1 Rf5 34. Ra1
Re5 35. Kd2 Re6 36. Rg1 Qf7 37. Rg4 Rf6 38. Rg2 Qe7 39. Rag1 Qe4 40. Kc1 d4 41.
Qxc4+ Kh8 42. Qxd4 Qf3 43. Qd1 Qc6 44. Qc2 Qe8 45. Rd1 Rxf2 46. Rxf2 Bxe3+ 47.
Kb1 Bxf2 48. Qxf2 Qxa4 49. Rd8+ Kh7 50. Qh2+ Kg6 51. Qd6+ Kh7 52. Qd3+ Kh6 53.
Rd6+ Kg5 54. Qg6+ 1-0

[Event "XXVI Weekend Open FIDE"]
[Site "Robecchetto con Induno ITA"]
[Date "2015.07.24"]
[Round "1"]
[White "Marchesotti, Giovanni"]
[Black "Dubois, Thomas"]
[WhiteElo "1556"]
[BlackElo "1826"]
[Result "0-1"]
[PlyCount "32"]
[EventDate "2015.07.24"]

1. f4 e5 2. fxe5 d6 3. exd6 Bxd6 4. Nf3 g5 5. d4 g4 6. Ne5 Nc6 7. Nxc6 Qh4+ 8.
Kd2 Bxh2 9. Kc3 Nf6 10. Rxh2 Qxh2 11. Ne5 Be6 12. b3 O-O-O 13. Qd3 Qg1 14. Nxf7
Bxf7 15. Qf5+ Nd7 16. Qxf7 Rhf8 0-1